Famiglie in mutazione: la famiglia adottiva (Record n. 210581)

Dettagli MARC
000 -LEADER
fixed length control field 01999nam a2200229Ia 4500
001 - CONTROL NUMBER
control field b6461-46451
003 - CONTROL NUMBER IDENTIFIER
control field IT-MiCISF
008 - FIXED-LENGTH DATA ELEMENTS--GENERAL INFORMATION
fixed length control field 161014s9999||||xx |||||||||||||| ||und||
040 ## - CATALOGING SOURCE
Original cataloging agency IT-MiCISF
Transcribing agency IT-MiCISF
041 ## - LANGUAGE CODE
Language code of text/sound track or separate title it
999 ## - SYSTEM CONTROL NUMBERS (KOHA)
Koha Dewey Subclass [OBSOLETE] si
100 ## - MAIN ENTRY--PERSONAL NAME
Personal name Pianu Graziella (a cura di)
245 #0 - TITLE STATEMENT
Title Famiglie in mutazione: la famiglia adottiva
Remainder of title Contributi per la formazione continua
250 ## - EDITION STATEMENT
Edition statement 1a ed.
260 ## - PUBLICATION, DISTRIBUTION, ETC. (IMPRINT)
Place of publication, distribution, etc. Milano
Name of publisher, distributor, etc. Franco Angeli
Date of publication, distribution, etc. 2008
300 ## - PHYSICAL DESCRIPTION
Extent pp. 123
500 ## - GENERAL NOTE
General note / adozione, famiglia-adottiva, servizi-sociali, adozione-internazionale, esperienze, stato-di-abbandono, operatori-sociali, rapporti-operatori-utenti / Ai servizi pubblici territoriali viene demandato il compito di informazione e orientamento delle coppie richiedenti adozione nazionale e/o internazionale, di valutazione delle risorse e delle capacità genitoriali, di sostegno e potenziamento del nuovo ruolo genitoriale. Il volume presenta l'esperienza dell'Azienda USL Roma A, presso cui opera il Gruppo integrato di lavoro "Adozione e Affidamento", che coordina il lavoro di operatori sociali e sanitari. In questo ambito, la fase di preparazione delle coppie che intendono adottare un bambino rappresenta un percorso esplorativo delle risorse che una coppia può mettere in campo per fare il genitore di un bambino particolare. In questo percorso, gli operatori si pongono con una funzione di comprensione e di accoglienza anche di quelle fragilità che, nel tempo, possono trasformarsi in risorse. I materiali qui presentati costituiscono quindi un'importante occasione di approfondimento specialistico su questi temi, destinato agli operatori dei servizi territoriali, ai responsabili delle politiche locali, ai tecnici degli organismi di gestione, agli operatori e alle famiglie attive in enti e associazioni.
650 ## - SUBJECT ADDED ENTRY--TOPICAL TERM
Topical term or geographic name as entry element Genitorialità e problemi educativi / adozione-affido
Relator term 004
700 ## - ADDED ENTRY--PERSONAL NAME
Personal name Cavalli Simonetta (a cura di)
700 ## - ADDED ENTRY--PERSONAL NAME
Personal name Neudam Sonia (a cura di)
942 ## - ADDED ENTRY ELEMENTS (KOHA)
Koha item type LIBRO
957 ## -
-- 1
999 ## - SYSTEM CONTROL NUMBERS (KOHA)
-- 1
Dati di copia
Withdrawn status Lost status Damaged status Not for loan Home library Current library Date acquired Total Checkouts Full call number Date last seen Price effective from Koha item type Public note
    Buone Condizioni Not For Loan CISF - Milano CISF - Milano 14/10/2016   b6461-46451 14/10/2016 14/10/2016 LIBRO Data import 15.10.2016 / by Epidotti, Vaglietti
CREDITS: SOCIETA' SAN PAOLO Via A.Severo, 58 - ROMA (RM) & PERIODICI SAN PAOLO SRL Via Giotto, 36 MILANO & CISF Via Giotto, 36 MILANO & EDIZIONI SAN PAOLO SRL,  Piazza Soncino, 5 CINISELLO BALSAMO (MI) -- ITALY